| 000 | 00566nam a2200205Ia 4500 | ||
|---|---|---|---|
| 001 | 8406 | ||
| 003 | GE_BSU | ||
| 008 | 181216s||||||||xx |||||||||||||| ||und|| | ||
| 040 | _cGE_BSU | ||
| 080 | _a821.353.1-11 | ||
| 100 | _aევდოშვილი,იროდიონ | ||
| 245 | _aთხზულებანი | ||
| 245 | _cრედ.შ.რადიანი | ||
| 260 | _aთბილისი | ||
| 260 | _bფედერაცია | ||
| 260 | _c1936 | ||
| 300 | _a298გვ.20სმ. | ||
| 653 | _aთხზულებანი | ||
| 942 | _cBK | ||
| 999 |
_c41725 _d41725 |
||